[Event "Madrid-chT Honor"]
[Site "Madrid"]
[Date "2010.02.21"]
[Round "11"]
[White "Alcaraz Amoros, Antonio"]
[Black "Anton Guijarro, David"]
[Result "1/2-1/2"]
[WhiteElo "2010"]
[BlackElo "2300"]
[PlyCount "60"]
[EventDate "2009.11.22"]
[EventType "team-tourn"]
[EventRounds "13"]
[EventCountry "ESP"]
[SourceTitle "EXT 2011"]
[Source "ChessBase"]
[SourceDate "2010.11.26"]
[SourceVersion "1"]
[SourceVersionDate "2010.11.26"]
[SourceQuality "1"]

1. c4 Nf6 2. Nc3 e5 3. Nf3 Nc6 4. d4 exd4 5. Nxd4 Bb4 6. Bg5 h6 7. Bh4 Ne5 8. e3 Ng6 9. Bg3 Ne4 10. Ndb5 Nxg3 11. hxg3 0-0 12. Qb3 Bxc3+ 13. Nxc3 d6 14. 0-0-0 Be6 15. Qxb7 Ne5 16. Nd5 Bxd5 17. Qxd5 Rb8 18. f4 Ng4 19. Qf3 f5 20. Rd2 Re8 21. Qd5+ Kh8 22. Qxf5 Nxe3 23. Qg6 Nxf1 24. Rxf1 Rb4 25. Rc2 Qe7 26. g4 Rf8 27. Qd3 Rxf4 28. Rxf4 Qe1+ 29. Qd1 Qe3+ 30. Qd2 Qg1+ 1/2-1/2

[Event "Madrid-chT Honor"]
[Site "Madrid"]
[Date "2010.01.17"]
[Round "6"]
[White "Alcaraz Amoros, Antonio"]
[Black "Lorite Cruz, Francisco"]
[Result "1-0"]
[WhiteElo "2010"]
[BlackElo "2073"]
[PlyCount "37"]
[EventDate "2009.11.22"]
[EventType "team-tourn"]
[EventRounds "13"]
[EventCountry "ESP"]
[SourceTitle "EXT 2011"]
[Source "ChessBase"]
[SourceDate "2010.11.26"]
[SourceVersion "1"]
[SourceVersionDate "2010.11.26"]
[SourceQuality "1"]

1. c4 e5 2. Nc3 Nf6 3. Nf3 Nc6 4. d4 exd4 5. Nxd4 Bc5 6. Nxc6 bxc6 7. g3 0-0 8. Bg2 Rb8 9. 0-0 Qe7 10. Na4 Re8 11. Nxc5 Qxc5 12. b3 d5 13. cxd5 Ba6 14. Bf3 cxd5 15. Be3 Qa5 16. Qd4 Ne4 17. Rac1 Ra8 18. b4 c5 19. Rxc5 1-0

[Event "Madrid-chT Honor"]
[Site "Madrid"]
[Date "2009.11.29"]
[Round "2"]
[White "Blanco Sanjuan, Jorge"]
[Black "Alcaraz Amoros, Antonio"]
[Result "1-0"]
[WhiteElo "2129"]
[BlackElo "2010"]
[PlyCount "39"]
[EventDate "2009.11.22"]
[EventType "team-tourn"]
[EventRounds "13"]
[EventCountry "ESP"]
[SourceTitle "EXT 2011"]
[Source "ChessBase"]
[SourceDate "2010.11.26"]
[SourceVersion "1"]
[SourceVersionDate "2010.11.26"]
[SourceQuality "1"]

1. d4 c6 2. Nf3 d5 3. c4 Nf6 4. Nc3 a6 5. Bf4 Bf5 6. e3 Nbd7 7. Bd3 Bxd3 8. Qxd3 b5 9. cxd5 cxd5 10. 0-0 e6 11. Rac1 Nh5 12. Bg5 f6 13. Bh4 g5 14. Bg3 Nxg3 15. fxg3 g4 16. Nd2 f5 17. Nxd5 exd5 18. Qxf5 Qe7 19. Qxd5 Rd8 20. Qh5+ 1-0

[Event "Mostoles Bicentenary op"]
[Site "Mostoles"]
[Date "2008.05.26"]
[Round "5"]
[White "Alcaraz Amoros, Antonio"]
[Black "Martinez Miura, Enrique"]
[Result "1-0"]
[WhiteElo "2123"]
[BlackElo "1762"]
[PlyCount "107"]
[EventDate "2008.05.20"]
[EventType "swiss"]
[EventRounds "9"]
[EventCountry "ESP"]
[SourceTitle "CBM 124 Extra"]
[Source "ChessBase"]
[SourceDate "2008.07.03"]
[SourceVersion "1"]
[SourceVersionDate "2008.07.03"]
[SourceQuality "1"]

1. c4 c5 2. Nf3 Nf6 3. Nc3 Nc6 4. g3 g6 5. Bg2 Bg7 6. d4 cxd4 7. Nxd4 Nxd4 8. Qxd4 0-0 9. Qh4 Qb6 10. 0-0 d6 11. b3 Bd7 12. Bh6 Bxh6 13. Qxh6 Qd4 14. Rac1 Rab8 15. h3 Bc6 16. Rfd1 Qe5 17. Qd2 Bxg2 18. Kxg2 Ne4 19. Qd5 Qxd5 20. Nxd5 Rfe8 21. f3 Nc5 22. e4 Kg7 23. Kf2 Nd7 24. Rd2 Nf6 25. Ne3 h5 26. a4 b6 27. b4 Rec8 28. Rdc2 Rc7 29. Nd5 Nxd5 30. cxd5 Rxc2+ 31. Rxc2 Rb7 32. Ke3 f6 33. f4 Rd7 34. Rc8 Rb7 35. Kd4 b5 36. a5 Kf7 37. e5 fxe5+ 38. fxe5 dxe5+ 39. Kxe5 Rd7 40. Rb8 a6 41. Rb6 Rc7 42. Rc6 Ra7 43. h4 Ra8 44. Kd4 g5 45. hxg5 Rg8 46. g6+ Rxg6 47. Rxg6 Kxg6 48. Ke5 Kg5 49. Ke6 Kg4 50. Kxe7 Kxg3 51. d6 h4 52. d7 h3 53. d8Q h2 54. Qd5 1-0

[Event "Mostoles Bicentenary op"]
[Site "Mostoles"]
[Date "2008.05.23"]
[Round "4"]
[White "Alcaraz Amoros, Antonio"]
[Black "Fuentes Arjona, Antonio C"]
[Result "0-1"]
[WhiteElo "2123"]
[BlackElo "1992"]
[PlyCount "75"]
[EventDate "2008.05.20"]
[EventType "swiss"]
[EventRounds "9"]
[EventCountry "ESP"]
[SourceTitle "CBM 124 Extra"]
[Source "ChessBase"]
[SourceDate "2008.07.03"]
[SourceVersion "1"]
[SourceVersionDate "2008.07.03"]
[SourceQuality "1"]

1. c4 Nf6 2. Nc3 d5 3. cxd5 Nxd5 4. e4 Nxc3 5. bxc3 c5 6. Nf3 Nc6 7. Rb1 e5 8. Bb5 Bd6 9. 0-0 0-0 10. Bc4 Rb8 11. d3 Bg4 12. h3 Bh5 13. g4 Bg6 14. Kg2 Be7 15. Be3 Kh8 16. Bd5 Qc7 17. Rh1 f6 18. Qe2 Nd8 19. c4 Bf7 20. Rb3 Nc6 21. Rhb1 b6 22. Qd2 Bd6 23. a4 Nd4 24. Bxd4 exd4 25. a5 Bxd5 26. axb6 Rxb6 27. Rxb6 Bxe4 28. Ra6 Bf4 29. Qe2 Bb7 30. Re6 Be5 31. Kg1 Bc8 32. Rxe5 fxe5 33. Qxe5 Qf7 34. Ng5 Qxf2+ 35. Kh1 h6 36. Ne6 Bxe6 37. Qxe6 Qf3+ 38. Kg1 0-1

[Event "Mostoles Bicentenary op"]
[Site "Mostoles"]
[Date "2008.05.22"]
[Round "3"]
[White "Serrano Salvador, Eduardo"]
[Black "Alcaraz Amoros, Antonio"]
[Result "1-0"]
[WhiteElo "2361"]
[BlackElo "2123"]
[PlyCount "63"]
[EventDate "2008.05.20"]
[EventType "swiss"]
[EventRounds "9"]
[EventCountry "ESP"]
[SourceTitle "CBM 124 Extra"]
[Source "ChessBase"]
[SourceDate "2008.07.03"]
[SourceVersion "1"]
[SourceVersionDate "2008.07.03"]
[SourceQuality "1"]

1. d4 d5 2. c4 c6 3. Nf3 Nf6 4. e3 e6 5. b3 Nbd7 6. Nbd2 c5 7. Bd3 cxd4 8. exd4 Bd6 9. 0-0 b6 10. cxd5 Nxd5 11. Nc4 Be7 12. Nce5 Qc7 13. Bb2 Nxe5 14. Nxe5 0-0 15. Rc1 Qd6 16. Qh5 Nf6 17. Qh3 Bb7 18. d5 exd5 19. Nd7 g6 20. Nxf8 Bxf8 21. Bxf6 Qxf6 22. Qd7 Rb8 23. Rc7 Ba8 24. Rc8 Rxc8 25. Qxc8 Qc6 26. Qxc6 Bxc6 27. Rc1 Bb7 28. Rc7 Ba8 29. Rxa7 Bc6 30. Rc7 Be8 31. Rc8 Bd7 32. Rb8 1-0

[Event "Moratalaz op 20th"]
[Site "Madrid"]
[Date "2007.09.19"]
[Round "5"]
[White "Garcia Serrano, Jose Manuel"]
[Black "Alcaraz Amoros, Antonio"]
[Result "1/2-1/2"]
[WhiteElo "1880"]
[BlackElo "2135"]
[PlyCount "82"]
[EventDate "2007.09.15"]
[EventType "swiss"]
[EventRounds "9"]
[EventCountry "ESP"]
[SourceTitle "EXT 2008"]
[Source "ChessBase"]
[SourceDate "2007.11.25"]
[SourceVersion "1"]
[SourceVersionDate "2007.11.25"]
[SourceQuality "1"]

1. e4 c6 2. Nf3 d5 3. Nc3 Bg4 4. h3 Bxf3 5. Qxf3 dxe4 6. Nxe4 Nd7 7. Ng5 Ngf6 8. Qb3 e6 9. Qxb7 Rc8 10. d4 Rc7 11. Qb3 Bd6 12. Bc4 Nd5 13. Bd3 N7f6 14. c4 Nf4 15. c5 Nxd3+ 16. Qxd3 Bxc5 17. Be3 Bb4+ 18. Bd2 Bxd2+ 19. Qxd2 0-0 20. Rd1 Qd5 21. 0-0 Qxa2 22. Ra1 Qd5 23. Ra5 Qd7 24. Rfa1 c5 25. Rd1 Rd8 26. Qf4 h6 27. Nf3 Qd6 28. Qxd6 Rxd6 29. Rc1 Rb6 30. Rc2 Rcb7 31. dxc5 Rxb2 32. c6 Rb1+ 33. Kh2 Rc7 34. Nd4 Rb6 35. Rca2 Nd5 36. Rxa7 Rxa7 37. Rxa7 e5 38. Nf3 Rxc6 39. Nxe5 Rf6 40. Kg1 Rf5 41. Nc6 Rf6 1/2-1/2